| 000 | 00000nam##2200000za#4500 |
| 001 | 9.685772 |
| 003 | CaOODSP |
| 005 | 20210624230233 |
| 007 | cr ||||||||||| |
| 008 | 150407|1998||||xxc|||||o f|0| 0 eng|d |
| 020 | |a0-662-28214-0 |
| 040 | |aCaOODSP|beng |
| 043 | |an-cn--- |
| 086 | 1 |aR79-9/1999E-IN |
| 110 | 1 |aCanada.|bIndian and Northern Affairs. |bWater Resources Division. |
| 245 | 10|aCoppermine River - overview of the hydrology and water quality / |h[electronic resource]|c[by] Moïse Coulombe-Pontbriand, Robert Reid and Francis Jackson. |
| 260 | |aYellowknife - Northwest Territories : |bIndian and Northern Affairs. |cDecember 1998. |
| 300 | |a43p.|bgraphs, maps, references, tables |
| 590 | |a15-02-Supp|b2015-02-16 |
| 690 | 07|aHydrology|2gcpds |
| 690 | 07|aWater quality|2gcpds |
| 856 | 40|ahttp://publications.gc.ca|qPDF|s1.03 MB|uhttps://publications.gc.ca/collections/collection_2014/aadnc-aandc/R79-9-1999-eng.pdf |
| 986 | |aQS-Y134-000-EE-A1 |